000 01047 a2200229 4500
005 20210205153751.0
008 120830s2008 ck |||g |||| 00| 0 spa d
020 _aB07MXMY76P
040 _aCO-BoUCM
_bspa
_cDeissy Garcia
_dDeissy Garcia
041 0 _aspa
092 _aCD 0373
100 _aMisi
_9101036
245 1 0 _aGaitán
_bel hombre a quien amé. El musical que partirá la historia en dos
_cMisi
260 _aBogotá
_bMaria Isabel Murillo Samper
_c2008
300 _a2 CD-ROM
505 _rObertura -- 9 De Abril /Sin Ti -- Un Vestido Para Amparo -- El Club Unión -- Amarte -- Viva El Doctor Gaitán -- Morir Es Fácil Ya -- El Café -- Solo Tú -- Despedida -- Matrimonio -- Un Nuevo Día -- Aquí Estaré -- Es Colombia Quien Canta -- Papá Vendrá -- Marcha de Las Antorchas-Final.
600 0 _966330
_aGaitán, Jorge Eliécer
_d1898-1948
_xHomenajes
650 _aMúsica colombiana
_vCD- ROM
_932543
650 _aMusicales
_vCD-ROM
_zColombia
_9102241
650 _aHistoria
_zColombia
_9102242
942 _cMULTIMEDIA
_2LOCAL
_a17
999 _c318062
_d318062